El derecho humano al agua (Registro nro. 321907)

Detalles MARC
000 -ENCABEZADO
Número de control [NR] 00905nam a22002297a 4500
005 - FECHA Y HORA DE LA ÚLTIMA TRANSACCIÓN
control field 20221129100144.0
008 - DE LONGITUD FIJA DE DATOS DE ELEMENTOS - INFORMACIÓN GENERAL
Elementos de longitud fija [NR] 221129s2022 ck |||gr|||| 00| 0 spa d
020 ## - NUMERO INTERNACIONAL NORMALIZADO PARA LIBROS [R]
Número Internacional Normalizado del libro [NR] 9789587849721
040 ## - FUENTE DE CATALOGACION [NR]
Agencia de catalogación original [NR] CO-BoUCM
Idioma de catalogación [NR] spa
Quien Cataloga Deissy Garcia
Quien Clasifica Deissy Garcia
041 0# - CODIGO DE IDIOMA [R]
Código de idioma para texto/pista de sonido o título separado [R] Español
245 13 - MENCION DE TITULO [NR]
Título [NR] El derecho humano al agua
Parte restante del título [NR] y los desafíos para su adecuada gestión en Colombia
Mención de responsabilidad, etc. [NR] edición académica Diana Carolina Valencia Tello
260 ## - PUBLICACION, DISTRIBUCION, ETC. (PIE DE IMPRENTA) [R]
Lugar de publicación, distribución, etc. [R] Bogotá
Nombre del editor, distribuidor, etc. [R] Universidad del Rosario
Fecha de publicación, distribución, etc. [R] 2022
300 ## - DESCRIPCION FISICA [R]
Extensión [R] xxi, 280 páginas
504 ## - NOTA DE BIBLIOGRAFIA, ETC. [R]
Nota de bibliografía, etc. [NR] Incluye referencias bibliográficas
650 #7 - ASIENTO SECUNDARIO DE MATERIA - TERMINO TEMATICO [R]
Término temático o nombre geográfico como elemento de entrada [NR] Derecho al agua
Subdivisión geográfica [R] Colombia
9 (RLIN) 176295
650 #7 - ASIENTO SECUNDARIO DE MATERIA - TERMINO TEMATICO [R]
9 (RLIN) 7499
Término temático o nombre geográfico como elemento de entrada [NR] Derechos humanos
650 #7 - ASIENTO SECUNDARIO DE MATERIA - TERMINO TEMATICO [R]
9 (RLIN) 8241
Término temático o nombre geográfico como elemento de entrada [NR] Abastecimiento de agua
Subdivisión geográfica [R] Colombia
650 #7 - ASIENTO SECUNDARIO DE MATERIA - TERMINO TEMATICO [R]
Término temático o nombre geográfico como elemento de entrada [NR] Agua
Subdivisión general [R] Legislación
Subdivisión geográfica [R] Colombia
9 (RLIN) 47914
700 ## - ASIENTO SECUNDARIO - NOMBRE PERSONAL [R]
9 (RLIN) 86459
Nombre personal [NR] Valencia Tello, Diana Carolina
Término de relación [R] editor
942 ## - ELEMENTOS DE ENTRADA AGREGADOS (KOHA)
Sistema de clasificación DEWEY
Tema principal Derecho
Tipo de ítem principal el descrito en 300a Edición Rosarista
Edición 1
Clasificación 346.04691
Parte restante de la signatura top. D431
Título oculto en OPAC No
Existencias
Total préstamos Signatura topográfica Código de barras Última vez visto Ejemplar Costo de reposición Price effective from Tipo de ítem Perdido Sistema de clasificación Dañado No prestable Tipo de ítem específico Suprimido Ubicación habitual Ubicación actual Localización Fecha de creación Forma de adquisición Costo
  346.04691 D431 100170992 03/12/2025 Ej.1 34450.00 29/11/2022 Edición Rosarista   DEWEY     Libro Edición Rosarista   Claustro Claustro 4to piso 29/11/2022 Compra 34450.00